banner koha

Armazenamento de vagens de algaroba (Prosopis juliflora (Sw)DC)e seus efeitos na conservacao e qualidade do produto (Registro n. 336108)

MARC details
000 -LÍDER
campo de controle de tamanho fixo 01307naa a22003497a 4500
001 - NÚMERO DE CONTROLE
campo de controle BR8902085
003 - IDENTIFICADOR DO NÚMERO DE CONTROLE
campo de controle BR-BrBNA
005 - DATA E HORÁRIO DA ÚLTIMA TRANSAÇÃO
campo de controle 20250721155351.0
007 - CAMPO FIXO DE DESCRIÇÃO FÍSICA--INFORMAÇÃO GERAL
campo de controle de tamanho fixo ta
008 - CAMPO DE DADOS FIXOS--INFORMAÇÃO GERAL
campo de controle de tamanho fixo 250630b bl.|||m| |||| 00| 0 por d
040 ## - FONTE DA CATALOGAÇÃO
Instituição da catalogação original BR-BrBNA
Idioma da catalogação por
Instituição que transcreveu o registro Biblioteca Nacional de Agricultura
041 ## - CÓDIGO DE IDIOMA
Código do idioma do texto/trilha sonora ou título diferente (Pt)
072 ## - CÓDIGO DE CATEGORIA DE ASSUNTO
Código de Categoria de Assunto J11
Código do objeto 1990
090 ## - NÚMERO DE CHAMADA LOCAL
Número de chamada J11 BR8902085
100 1# - ENTRADA PRINCIPAL--NOME PESSOAL
Nome pessoal Sathler, M. das G.B.
100 1# - ENTRADA PRINCIPAL--NOME PESSOAL
Nome pessoal Castro, J.R. de
100 1# - ENTRADA PRINCIPAL--NOME PESSOAL
Nome pessoal Sidou, T.C.
100 1# - ENTRADA PRINCIPAL--NOME PESSOAL
Nome pessoal Praca, E.F.
111 1# - ENTRADA PRINCIPAL--NOME DO EVENTO
Nome do evento ou lugar 2. Simposio Brasileiro sobre Algaroba
Local do evento Mossoro, RN (Brazil)
Data do evento ou assinatura do tratado 6-10 Apr 1987
245 1# - TÍTULO
Título Armazenamento de vagens de algaroba (Prosopis juliflora (Sw)DC)e seus efeitos na conservacao e qualidade do produto
490 ## - TÍTULO DA SÉRIE
Título da série Colecao Mossoroense. Serie C (Brazil)
Número do volume ou designação sequencial da série no. 367
500 ## - NOTA GERAL
Nota geral Trabalhos apresentados no 2. Simposio Brasileiro sobre Algaroba<br/>Mossoro, RN (Brasil): 1987. p. 125-146 [Summary (Pt); 6 tables]<br/>(BR8902085-AMS)<br/>
650 ## - ASSUNTO--TERMO TÓPICO
Cabeçalho tópico ou nome geográfico ALGAROBA
650 ## - ASSUNTO--TERMO TÓPICO
Cabeçalho tópico ou nome geográfico ARMAZENAMENTO
650 ## - ASSUNTO--TERMO TÓPICO
Cabeçalho tópico ou nome geográfico PRAGA DE PRODUTO ARMAZENADO
650 ## - ASSUNTO--TERMO TÓPICO
Cabeçalho tópico ou nome geográfico UMIDADE
650 ## - ASSUNTO--TERMO TÓPICO
Cabeçalho tópico ou nome geográfico MATERIA SECA
650 ## - ASSUNTO--TERMO TÓPICO
Cabeçalho tópico ou nome geográfico CONTROLE DE QUALIDADE
773 0# - ENTRADA ANALÍTICA
Título Trabalhos apresentados no 2. Simposio Brasileiro sobre Algaroba
Número de controle do registro J11 BR8902085
Partes relacionadas Mossoro, RN (Brasil), 1987. p. 125-146
942 ## - ELEMENTOS DE ENTRADA ADICIONADOS (KOHA)
Tipo de material Koha Analítica de Monografia Seriada
Fonte da classificação ou esquema de arquivamento na estante Classificação AGRIS
909 ## -
-- 202506
-- Lúcia
-- 55
-- Lúcia Elande
Exemplares
Situação do descarte Fonte da classificação ou esquema de arquivamento na estante Situação física Não pode ser emprestado Coleção Biblioteca de origem Biblioteca atual Total de empréstimos Data de último acesso Número do exemplar Tipo de material Koha Situação das perdas Data de aquisição Fonte de aquisição
  Classificação AGRIS       Biblioteca Nacional de Agricultura - Binagri Biblioteca Nacional de Agricultura - Binagri   30/06/2025 01 Analítica de Monografia Seriada   2025-06-30 Portaria Interministerial nº 164/94

BINAGRI

Telefone: (61)3218-2567/2388/3357/2097 - binagri@agro.gov.br

Ministério da Agricultura e Pecuária , Esplanada dos Ministérios, Bloco D, Anexo B, Brasília/DF, CEP: 70.043-900